000 00769nam a2200217 a 4500
005 20231108063634.0
008 140922s2012 mx r 000 0 spa d
020 _a9786070232558 (UNAM)
020 _a9788499692128 (Díaz de Santos)
035 _aUPN01000199685
049 _aCG
050 4 _aLC177 M6
_bE9.2
245 0 0 _aEvaluación de las políticas hacia la educación superior en México :
_bilusiones y desencantos (1990-2010) /
_ccoord. Javier Rafael García García.
260 _aMéxico :
_bUNAM :
_bDíaz de Santos,
_c2012.
300 _a201 p.
440 0 _aEstudios.
_pPosgrado en Pedagogía UNAM
650 4 _aEducación superior y Estado
_zMéxico
_95951
700 1 _aGarcía García, Javier Rafael,
_ecoord.
905 _aLibro
999 _c171786
_d171786